=LDR 00000nam 2200000 4500 =001 INLIS000000000041899 =005 20130612151414 =008 ***********************************Ind** =035 ##$$0010-061300000041899 =041 ##$$a Ind =082 ##$$a 336.026 =090 ##$$a 336, Ind o =245 ##$$a Indonesia [ undang - undang, peraturan dst ] =260 ##$$a 2012 $b Bandung =300 ##$$a vii, 206 hlm., 21 cm =650 ##$$a Keuangan - Undang - Undang Dan Peraturan =850 ##$$a NBPNMAT